000 01074nam a22003135i 4500
001 176162
003 ES-MaACL
005 20230906220017.0
008 101221s1980 sp a |||| | spa d
020 _a84-345-1954-2
080 _a616.441-008.64
080 _a616.441-006.5
245 0 0 _aHipotiroidismo y bocio /
_cdirectores, David Evered, Reginald Hall ; consejo editorial G. M. Besser... [et al.] ; [traducción del inglés a cargo de E. Gelpí].
260 _aBarcelona [etc.] :
_bSalvat,
_cD. L. 1980.
300 _aX, 266 p. :
_bil. bl. y n. ;
_c25 cm.
490 1 _aClínica endocrinológica ;
_v7/1
500 _aÍndice.
504 _aBibliografía.
594 _aTít. original: Hypothyroidism.
650 0 4 _aHipotiroidismo.
_9144434
650 4 _aBocio.
_9144433
700 1 _aEvered, David.
_9144429
700 1 _aHall, Reginald.
_9144430
700 1 _aBesser, G. M.
_9144431
700 1 _aGelpí, Emilio.
_9144432
830 0 _aClínica endocrinológica ;
_v7/1
_9189956
852 _aES-MaACL
_jE-13856
_xOlim P-263
999 _c176162
_d176162